00872nam a22002417a 45000010005000000030006000050050017000110080041000280200018000690400029000870500016001160820010001321000016001422450074001582500037002322600039002693000059003085050008003675200153003755210029005285210020005576500053005778472FISKH20250915113842.0250915b cb ||||| |||| 00| 0 eng d a9780152015459 aFISKHbengcFISKHdFISKH aPE1155 .G78 a421.1 aGrover, Max aThe accidental Zucchini : bAn unexpected alphabet / cBy Max Gorver  aFirst Voyager Books edition 1997 aLondon: bHarcourt, Inc. , c1993. a34 unnumbered pages : bcolor illustrations ;c27 cm.  aF  aEach letter of the alphabet is represented by an unusual combination of objects, such as "fork fence," "octopus overalls," and "umbrella underwear."8 a350 bLexile estimate 8 aF bRaz-Plus  aEnglish language-Alphabet vJuvenile Literature